000 00686cam a2200229 a 4500
001 000009409
005 20200929161602.0
008 940531s1977 cu 001 p spa
040 _aDO-SdBNP
_bspa
_cLC
_dBNPHU
082 _aCu863.44
_bA454u
100 1 _aAlonso, Dora,
_d1910-2001
_924170
245 1 0 _aUna /
_cDora Alonso.
260 _aLa Habana, (Cuba) :
_bArte y Literatura,
_c1977.
300 _a60 p. ;
_c18 cm.
490 1 _aMínima
_aNarrativa
_v9
650 4 _aCuentos cubanos
_91482
650 4 _aLiteratura cubana
_91483
650 4 _aNarrativa cubana
_xCuentos
_924195
830 0 _aMinima
_pNarrativa ;
_v9
_921697
910 _aCatalogación por copia / LC
049 _aBNGR
999 _c9169
_d9169